| 000 | 00625nam a2200205Ia 4500 | ||
|---|---|---|---|
| 005 | 20260601193224.0 | ||
| 008 | 260601s9999||||xx |||||||||||||| ||und|| | ||
| 020 |
_a978-3-031-49333-1 _qebk |
||
| 100 | _aMohamed Mosbah | ||
| 245 | 0 | _aModel and Data Engineering | |
| 250 | _a1st ed. 2024 | ||
| 260 |
_aHeidelberg, Germany _bSpringer Nature _c2024 |
||
| 440 | _aLecture Notes in Computer Science | ||
| 650 | _aComputer Science | ||
| 700 | _aFaiez Gargouri | ||
| 700 | _aLadjel Bellatreche | ||
| 700 | _aTahar Kechadi | ||
| 856 | _uhttps://link.springer.com/openurl?genre=book&isbn=978-3-031-49333-1 | ||
| 942 |
_cEB _2ddc |
||
| 999 |
_c55895 _d55895 |
||